00350nam a2200109Ia 4500082001600000245001400016100004800030942000700078008004100085999001900126952009500145 aNSO JF BLOC 0aKe nako!  a Bloch,Carol Aucklandd Park, 2008 932402 cBK210817s9999 xx 000 0 und d c172043d172045 00104070aLEBOLbLEBOLd2021-08-18g150.00l0p3322810023509r2021-08-18w2021-08-18yBK